000 00761nam a22002297a 4500
999 _c12478
_d12478
003 AR-CdUCM
008 190409b ||||| |||| 00| 0 spa d
040 _aMUNICIPALIDAD PROVINCIAL DEL CUSCO
_cBIBLIOTECA MUNICIPAL DEL CUSCO
082 _a869.56 /
_bT677
100 _aTord, Luis Enrique
_92834
245 _aSol de los soles /
260 _aLima :
_bUNFV Universitaria,
_c1998.
300 _a353 páginas ;
_bIlustraciones,
_c20 cm.
500 _aPremio de Novelas 1998, Universidad Nacional Federico Villareal
505 _aContenido: Sol de los Soles.
650 _aNovelas peruanas
_9545
650 _aNovelas históricas peruanas
_911377
650 _aVirreinato
_96280
650 _aSiglo XX
_98
942 _2ddc
_cLIBROS
945 _acmm
_d2019-04-09